LEADER 01034nam a2200241 i 4500 001 000000162782 003 CaOOAMICUS 005 20070709000000.0 008 070709s1919 it u000 u ita u 013 $a140146 040 $aSeMil$bita 100 1 $aNievo, Ippolito,$d<1831-1861>.$0(OLS)http://semarc/name/1540 245 10$aSpartaco :$btragedia inedita, curata sul manoscritto autografo /$cIppolito Nievo ; con una nota di Vincenzo Errante. 260 $aLanciano :$bR. Carabba,$c1919. 300 $a149 p. ;$c19 cm. 490 0 $aScrittori nostri ;$v70 700 1 $aErrante, Vincenzo,$d<1890-1951>.$0(OLS)http://semarc/name/7123 830 0$aScrittori nostri ;$v70.$0(OLS)http://semarc/title/14943 850 $aSeMil 852 $aSeMil$W1$xVenegono$y1$m1C I 354$j244111$B114107$CSeMilBibl$Z2$F124982 $81 961 $aRecupero: Altro 996 $6245$aSpartaco :$btragedia inedita, curata sul manoscritto autografo$9(OLS)http://semarc/title/232218 996 $6260$aLanciano :$bR. Carabba$9(OLS)http://semarc/publisher/33110 LEADER 00891nam a2200205 i 4500 001 000000224215 003 CaOOAMICUS 005 20131028000000.0 008 131028s1830 it u000 u lat u 013 $a203113 026 $aI.C* s,ue t.us "m"n (3) 1830 (R) 040 $aSeMil$bita 245 10$aTomus 20. 300 $a[4], 480 p. 773 0 $aGuillon, Marie Nicolas Sylvestre <1760-1847>$tCollectio selecta SS. Ecclesiae Patrum, complectens exquisitissima opera tum dogmatica et moralia, tum apologetica et oratoria; accurantibus D. Caillau ... una cum D.M.N.S. Guillon ..$dParisiis : Apud Méquignon-Havard, 1829-1840 (Parisiis : Typis Decourchant)$g20$w()28977 850 $aSeMil 852 $aSeMil$W1$xVenegono$y1$m2S II 20 FA$j174561$B174561$CSeMilBibl$Z2$F184640 $8I 941 1 $a10 961 $aRecupero: Mantegazza 996 $6245$aTomus 20$9(OLS)http://semarc/title/310307